<?xml version="1.0" encoding="UTF-8"?><marc:collection xmlns:marc="http://www.loc.gov/MARC21/slim">
  <marc:record>
    <marc:leader>00000nam  2200000za 4500</marc:leader>
    <marc:controlfield tag="001">9.580040</marc:controlfield>
    <marc:controlfield tag="003">CaOODSP</marc:controlfield>
    <marc:controlfield tag="005">20230106104801</marc:controlfield>
    <marc:controlfield tag="007">cr |||||||||||</marc:controlfield>
    <marc:controlfield tag="008">150406s2006    onc|||||o    f|0| 0 eng d</marc:controlfield>
    <marc:datafield tag="040" ind1=" " ind2=" ">
      <marc:subfield code="a">CaOODSP</marc:subfield>
      <marc:subfield code="b">eng</marc:subfield>
    </marc:datafield>
    <marc:datafield tag="043" ind1=" " ind2=" ">
      <marc:subfield code="a">n-cn---</marc:subfield>
    </marc:datafield>
    <marc:datafield tag="086" ind1="1" ind2=" ">
      <marc:subfield code="a">Fs97-4/2746E-PDF</marc:subfield>
    </marc:datafield>
    <marc:datafield tag="100" ind1="1" ind2=" ">
      <marc:subfield code="a">Carver, Claire Eunice Anne.</marc:subfield>
    </marc:datafield>
    <marc:datafield tag="245" ind1="1" ind2="0">
      <marc:subfield code="a">Biological synopsis of the solitary tunicate, Ciona intestinalis </marc:subfield>
      <marc:subfield code="h">[electronic resource] / </marc:subfield>
      <marc:subfield code="c">by C.E. Carver, A.L. Mallet and B. Vercaemer. </marc:subfield>
    </marc:datafield>
    <marc:datafield tag="260" ind1=" " ind2=" ">
      <marc:subfield code="a">Dartmouth, Nova Scotia : </marc:subfield>
      <marc:subfield code="b">Fisheries and Oceans Canada, </marc:subfield>
      <marc:subfield code="c">2006.</marc:subfield>
    </marc:datafield>
    <marc:datafield tag="300" ind1=" " ind2=" ">
      <marc:subfield code="a">v, 55 p. : </marc:subfield>
      <marc:subfield code="b">figures.</marc:subfield>
    </marc:datafield>
    <marc:datafield tag="490" ind1="1" ind2=" ">
      <marc:subfield code="a">Canadian manuscript report of fisheries and aquatic sciences, </marc:subfield>
      <marc:subfield code="x">1488-5387 ; </marc:subfield>
      <marc:subfield code="v">2746</marc:subfield>
    </marc:datafield>
    <marc:datafield tag="504" ind1=" " ind2=" ">
      <marc:subfield code="a">Includes bibliographic references.</marc:subfield>
    </marc:datafield>
    <marc:datafield tag="520" ind1=" " ind2=" ">
      <marc:subfield code="a">The solitary ascidian Ciona intestinalis is native to northern European waters but now occurs worldwide from sub-Arctic to tropical regions. Apart from Scandinavian waters where it may dominate the epibenthic community, it typically occurs as an opportunistic fouling organism on artificial substrates in harbours or in association with aquaculture equipment. Over the last decade population outbreaks have been observed at multiple sites along the south shore of Nova Scotia, and similar outbreaks are now threatening the PEI mussel industry already dealing with an infestation of the clubbed tunicate Styela clava. The life history strategy of C. intestinalis is characterized by rapid growth (20 mm.mo-1), early maturation (8-10 wk) and high reproductive output (&gt;10,000 eggs.ind-1). These characteristics, along with the ability to survive under adverse conditions of low flow and/or high turbidity, allow it to exploit and dominate new substrates at the expense of other fouling species. Given that larvae have limited dispersal capability, range extensions are likely facilitated by juveniles or adults hitchhiking on floating debris or the hulls of commercial and recreational vessels. A comprehensive risk management strategy is needed to curb the continued spread of C. intestinalis, and control measures are required to mitigate the negative impacts of population outbreaks on the aquaculture industry.</marc:subfield>
    </marc:datafield>
    <marc:datafield tag="590" ind1=" " ind2=" ">
      <marc:subfield code="a">14-13-Supp</marc:subfield>
      <marc:subfield code="b">2014-06-23</marc:subfield>
    </marc:datafield>
    <marc:datafield tag="700" ind1="1" ind2=" ">
      <marc:subfield code="a">Mallet, André.</marc:subfield>
    </marc:datafield>
    <marc:datafield tag="700" ind1="1" ind2=" ">
      <marc:subfield code="a">Vercaemer, B. </marc:subfield>
      <marc:subfield code="q">(Bénédikte), </marc:subfield>
      <marc:subfield code="d">1966-</marc:subfield>
    </marc:datafield>
    <marc:datafield tag="710" ind1="1" ind2=" ">
      <marc:subfield code="a">Canada. </marc:subfield>
      <marc:subfield code="b">Department of Fisheries and Oceans.</marc:subfield>
    </marc:datafield>
    <marc:datafield tag="710" ind1="2" ind2=" ">
      <marc:subfield code="a">Bedford Institute of Oceanography.</marc:subfield>
    </marc:datafield>
    <marc:datafield tag="830" ind1="#" ind2="0">
      <marc:subfield code="a">Canadian manuscript report of fisheries and aquatic sciences,</marc:subfield>
      <marc:subfield code="x">1488-5387 ; </marc:subfield>
      <marc:subfield code="v">2746</marc:subfield>
      <marc:subfield code="w">(CaOODSP)9.505211</marc:subfield>
    </marc:datafield>
    <marc:datafield tag="856" ind1="4" ind2="0">
      <marc:subfield code="q">PDF</marc:subfield>
      <marc:subfield code="s">1.09 MB</marc:subfield>
      <marc:subfield code="u">https://publications.gc.ca/collections/collection_2014/mpo-dfo/Fs97-4-2746-eng.pdf</marc:subfield>
    </marc:datafield>
  </marc:record>
</marc:collection>
